Catálogo
 En Linea

El rey del momise, Los Guloyas y los Cocolos en la industria azucarera de San Pedro de Macorís / (Registro nro. 54803)

Detalles MARC
000 -CABECERA
campo de control de longitud fija 02429nam a2200409 i 4500
003 - IDENTIFICADOR DEL NÚMERO DE CONTROL
campo de control DO-SdBNP
005 - FECHA Y HORA DE LA ÚLTIMA TRANSACCIÓN
campo de control 20260605102703.0
007 - CAMPO FIJO DE DESCRIPCIÓN FÍSICA--INFORMACIÓN GENERAL
campo de control de longitud fija ta
008 - DATOS DE LONGITUD FIJA--INFORMACIÓN GENERAL
campo de control de longitud fija 110413s2023 dr aco 000 0 spa d
020 ## - NÚMERO INTERNACIONAL ESTÁNDAR DEL LIBRO
Número Internacional Estándar del Libro 9789945183610
040 ## - FUENTE DE LA CATALOGACIÓN
Centro catalogador/agencia de origen DO-SdBNP
Lengua de catalogación spa
Centro/agencia transcriptor BNPHU
Normas de descripción rda
082 #4 - NÚMERO DE LA CLASIFICACIÓN DECIMAL DEWEY
Número de clasificación 972.9382
Número de documento/Ítem C117r
Número de edición 22
100 1# - ENTRADA PRINCIPAL--NOMBRE DE PERSONA
Nombre de persona Cabrera Vásquez, Enrique Alberto
Fechas asociadas al nombre 1951-
Término indicativo de función/relación autor
9 (RLIN) 75095
Código de función/relación aut.
245 13 - MENCIÓN DE TÍTULO
Título El rey del momise, Los Guloyas y los Cocolos en la industria azucarera de San Pedro de Macorís /
Mención de responsabilidad, etc. Enrique Cabrera Vásquez ; prólogo Dagoberto Tejeda Ortiz ; prefacio Julio César Mota Acosta
250 ## - MENCIÓN DE EDICIÓN
Mención de edición Segunda edición corregida y ampliada
264 #1 - PRODUCCIÓN, PUBLICACIÓN, DISTRIBUCIÓN, FABRICACIÓN Y COPYRIGHT
Producción, publicación, distribución, fabricación y copyright Santo Domingo, República Dominicana :
Nombre del de productor, editor, distribuidor, fabricante Editora Amigo del Hogar,
Fecha de producción, publicación, distribución, fabricación o copyright 2023.
300 ## - DESCRIPCIÓN FÍSICA
Extensión 509 páginas :
Otras características físicas ilustraciones, retratos, fotografías ;
Dimensiones 23 cm.
336 ## - TIPO DE CONTENIDO
Término de tipo de contenido texto
Código de tipo de contenido txt
Fuente rdacontent
337 ## - TIPO DE MEDIO
Nombre/término del tipo de medio sin mediación
Código del tipo de medio n
Fuente rdamedia
338 ## - TIPO DE SOPORTE
Nombre/término del tipo de soporte volumen
Código del tipo de soporte nc
Fuente rdacarrier
500 ## - NOTA GENERAL
Nota general Incluye datos biográficos del autor en la solapas
500 ## - NOTA GENERAL
Nota general Incluye referencias bibliográficas y notas al pie de las páginas
500 ## - NOTA GENERAL
Nota general Análisis de un momento histórico determinante en el desarrollo de San Pedro de Macorís y la región oriental de la República Dominicana. El libro destaca la explotación de los trabajadores inmigrantes de las islas inglesas como expresión representativa del Caribe en relación con el crecimiento del capitalismo y la expansión del imperialismo y el patrimonio cultural religioso en la región a finales del siglo XIX y principios del XX.
504 ## - NOTA DE BIBLIOGRAFÍA, ETC.
Nota de bibliografía, etc. Bibliografía: páginas, 499-509
590 ## - NOTA LOCAL (RLIN)
Nota local Inventariado, 2023/ YL
600 10 - PUNTO DE ACCESO ADICIONAL DE MATERIA--NOMBRE DE PERSONA
Nombre de persona Chiverton, Theophilus.
9 (RLIN) 89829
650 #7 - PUNTO DE ACCESO ADICIONAL DE MATERIA--TÉRMINO DE MATERIA
Término de materia o nombre geográfico como elemento de entrada Inmigrantes
Subdivisión geográfica República Dominicana
-- San Pedro de Macorís
Subdivisión general Historia
9 (RLIN) 89830
650 #7 - PUNTO DE ACCESO ADICIONAL DE MATERIA--TÉRMINO DE MATERIA
Término de materia o nombre geográfico como elemento de entrada Cultura popular
Subdivisión geográfica República Dominicana
-- San Pedro de Macorís
Subdivisión general Historia
9 (RLIN) 89831
650 #7 - PUNTO DE ACCESO ADICIONAL DE MATERIA--TÉRMINO DE MATERIA
Término de materia o nombre geográfico como elemento de entrada Danza
Subdivisión geográfica República Dominicana
-- San Pedro de Macorís
Subdivisión general Historia
9 (RLIN) 89832
650 #7 - PUNTO DE ACCESO ADICIONAL DE MATERIA--TÉRMINO DE MATERIA
Término de materia o nombre geográfico como elemento de entrada Música
Subdivisión geográfica República Dominicana
-- San Pedro de Macorís
9 (RLIN) 89833
651 #7 - PUNTO DE ACCESO ADICIONAL DE MATERIA--NOMBRE GEOGRÁFICO
Nombre geográfico San Pedro de Macorís (República Dominicana)
Subdivisión general Vida social y costumbres
9 (RLIN) 89834
651 #7 - PUNTO DE ACCESO ADICIONAL DE MATERIA--NOMBRE GEOGRÁFICO
Nombre geográfico San Pedro de Macorís (República Dominicana)
Subdivisión general Civilización
-- Influencias africanas
9 (RLIN) 89835
700 1# - PUNTO DE ACCESO ADICIONAL--NOMBRE DE PERSONA
Nombre de persona Tejeda Ortiz, Dagoberto
Término indicativo de función/relación prologuista
Código de función/relación pr.
9 (RLIN) 83629
700 1# - PUNTO DE ACCESO ADICIONAL--NOMBRE DE PERSONA
Nombre de persona Mota Acosta, Julio César
Término indicativo de función/relación prefacio
9 (RLIN) 45346
Código de función/relación pr.
910 ## - DATOS DE OPCIÓN DEL USUARIO (OCLC)
Datos de opción del usuario YLockward/Validado. Control de calidad MFF
942 ## - ELEMENTOS DE PUNTO DE ACCESO ADICIONAL (KOHA)
Fuente del sistema de clasificación o colocación Dewey Decimal Classification
Tipo de ítem Koha Libro
Existencias
Estado de retiro Estado de pérdida Fuente del sistema de clasificación o colocación Restricciones de uso No para préstamo Código de colección Localización permanente Ubicación/localización actual Ubicación en estantería Fecha de adquisición Fuente de adquisición Total de préstamos Signatura topográfica completa Código de barras Fecha visto por última vez Precio válido a partir de Tipo de ítem Koha Número de copia
    Dewey Decimal Classification Excluido de préstamo   Patrimonio Dominicano Biblioteca Nacional Pedro Henríquez Ureña Biblioteca Nacional Pedro Henríquez Ureña Depósito 28.06.2023 Enrique Cabrera   BNPHU PD 972.9382 C117r 2023-6030 18.09.2023 18.09.2023 Libro  
    Dewey Decimal Classification Excluido de préstamo   Patrimonio Dominicano Biblioteca Nacional Pedro Henríquez Ureña Biblioteca Nacional Pedro Henríquez Ureña Depósito 28.06.2023 Enrique Cabrera   BNPHU PD 972.9382 C117r 2023-6031 18.09.2023 18.09.2023 Libro e. 2
    Dewey Decimal Classification Préstamo en sala   Dominicana de Servicio Biblioteca Nacional Pedro Henríquez Ureña Biblioteca Nacional Pedro Henríquez Ureña Depósito 28.06.2023 Enrique Cabrera   BNPHU PD 972.9382 C117r 2023-6857 11.10.2023 18.09.2023 Libro e. 3

Con tecnología Koha